Fundamentals of Electrical and Electronics Engineering (Record no. 96)

MARC details
000 -LEADER
Fixed length control field 00575nam a2200193 4500
003 - CONTROL NUMBER IDENTIFIER
Control field SEACOMEC
005 - DATE AND TIME OF LATEST TRANSACTION
Control field 20240403151913.0
008 - FIXED-LENGTH DATA ELEMENTS--GENERAL INFORMATION
Fixed length control field 231005b |||||||| |||| 00| 0 eng d
020 ## - INTERNATIONAL STANDARD BOOK NUMBER / ISBN
Price Rs. 165.00
040 ## - CATALOGING SOURCE
Original cataloging agency SEACOMEC
082 ## - DEWEY DECIMAL CLASSIFICATION NUMBER
Classification number 621.3
Book Number T549
100 1# - MAIN ENTRY--PERSONAL NAME
Personal name Thyagarajan, T.
245 1# - TITLE STATEMENT
Title Fundamentals of Electrical and Electronics Engineering
Statement of responsibility T. Thyagarajan
250 ## - EDITION STATEMENT
Edition statement 4th Ed.
260 ## - IMPRINT
Place of publication Chennai
Name of publisher Scitech
Date of publication 2004
650 ## - SUBJECT ADDED ENTRY--TOPICAL TERM
Topical term Applied Physics
650 ## - SUBJECT ADDED ENTRY--TOPICAL TERM
Topical term Electrical, magnetic, optical, communications, computer engineering; electronics, lighting
942 ## - ADDED ENTRY ELEMENTS (KOHA)
Koha item type Books
Holdings
Withdrawn status Lost status Source of classification Damaged status Not for loan Home library Current library Date acquired Total Checkouts Call number Accession number Date last seen Price effective from Koha item type Copy number
    Dewey Decimal Classification     SEACOM ENGINEERING COLLEGE SEACOM ENGINEERING COLLEGE 03/04/2024   621.3 T549 4789 03/04/2024 03/04/2024 Books  
    Dewey Decimal Classification     SEACOM ENGINEERING COLLEGE SEACOM ENGINEERING COLLEGE 03/04/2024   621.3 T549 4790 03/04/2024 03/04/2024 Books 1
    Dewey Decimal Classification     SEACOM ENGINEERING COLLEGE SEACOM ENGINEERING COLLEGE 03/04/2024   621.3 T549 4791 03/04/2024 03/04/2024 Books 2
    Dewey Decimal Classification     SEACOM ENGINEERING COLLEGE SEACOM ENGINEERING COLLEGE 03/04/2024   621.3 T549 4792 03/04/2024 03/04/2024 Books 3
    Dewey Decimal Classification     SEACOM ENGINEERING COLLEGE SEACOM ENGINEERING COLLEGE 03/04/2024   621.3 T549 4793 03/04/2024 03/04/2024 Books 4
    Dewey Decimal Classification     SEACOM ENGINEERING COLLEGE SEACOM ENGINEERING COLLEGE 12/04/2024   621.3 T549 5018 12/04/2024 12/04/2024 Books 5
    Dewey Decimal Classification     SEACOM ENGINEERING COLLEGE SEACOM ENGINEERING COLLEGE 12/04/2024   621.3 T549 5019 12/04/2024 12/04/2024 Books 6
    Dewey Decimal Classification     SEACOM ENGINEERING COLLEGE SEACOM ENGINEERING COLLEGE 12/04/2024   621.3 T549 5020 12/04/2024 12/04/2024 Books 6
© Seacom Engineering College, All rights reserved.      Powered by Koha